[Event "Druzynowe Mistrzostwa Polski Juniorow - II Liga"]
[Site "Iwonicz"]
[Date "2016-07-31"]
[Round "7.31"]
[White "Pasieka, Marcin"]
[Black "Domanski, Lukasz"]
[Result "1-0"]
[WhiteTitle "I"]
[BlackTitle "I++"]
[WhiteElo "1768"]
[BlackElo "2001"]

1. e4 e5 2. Nf3 d6 3. d4 exd4 4. Nxd4 Nf6 5. Nc3 Be7 6. Be2 O-O 7. g4 d5 8. e5
Ne4 9. Nxe4 dxe4 10. Bf4 Bg5 11. Bg3 c5 12. Nb3 Qe7 13. Qd5 c4 14. Qxc4 Nc6 15.
h4 Be6 16. Qxe4 f5 17. exf6 Bxf6 18. O-O-O Qf7 19. Bd3 g6 20. h5 Bd5 21. hxg6
hxg6 22. Qxg6+ Qxg6 23. Bxg6 Bxh1 24. Rxh1 Bg5+ 25. Kb1 Bf4 26. Bh4 Ne5 27. Be4
Rae8 28. Bd5+ Kg7 29. Rf1 Ng6 30. Nd4 Nxh4 31. Ne6+ Rxe6 32. Bxe6 Be3 33. Bd5
b6 34. f3 Kh6 35. c3 Kg5 36. Kc2 Kf4 37. b4 Ng6 38. Be4 Ne5 39. Kb3 Kg3 40. Rh1
Rf7 41. Rh7 Rxh7 42. Bxh7 Kxf3 43. Bf5 Nxg4 44. Kc4 Bd2 45. Be6 Ne5+ 46. Kd4 Kf4
47. a4 Nc6+ 48. Kc4 Ke5 49. Bh3 Kd6 50. Bg2 Ne5+ 51. Kd4 Ng4 52. Bf3 Nf2 53. Be2
Be1 54. Bf3 Bd2 55. Be2 a5 56. bxa5 bxa5 57. Bf3 Kc7 58. Be2 Kb6 59. Bf3 Nh3 60.
Bg4 Ng5 61. Kd3 Be1 62. Kd4 Nf7 63. Be6 Nd8 64. Bh3 Nb7 65. Bg4 Bf2+ 66. Kd5 Nc5
67. Bd1 Nd3 68. Bc2 Nb2 69. Bb3 Be1 70. Kd4 Kc6 71. c4 Bh4 72. Ke4 Kc5 73. Bc2
Nxc4 74. Bd1 Kb4 75. Be2 Nb2 76. Bb5 Nxa4 77. Be8 Nc3+ 78. Kd3 Nb5 79. Kc2 a4
80. Bf7 a3 81. Kb1 Nc3+ 82. Kc2 Nb5 83. Kb1 Bg5 84. Bg8 Nd4 85. Ka2 Bc1 86. Kb1
Bb2 87. Bf7 Kc3 88. Bg8 1-0

[Event "Druzynowe Mistrzostwa Polski Juniorow - II Liga"]
[Site "Iwonicz"]
[Date "2016-07-31"]
[Round "7.32"]
[White "Norek, Bartosz"]
[Black "Kupiecki, Szymon"]
[Result "1-0"]
[WhiteTitle "II+"]
[BlackTitle "II"]
[WhiteElo "1686"]
[BlackElo "1432"]

1. e4 e5 2. Nf3 d5 3. exd5 Bd6 4. d3 Nf6 5. Nc3 O-O 6. Be2 a6 7. O-O b5 8. Bg5
Bb7 9. Ne4 Nbd7 10. d4 Re8 11. dxe5 Bxe5 12. Nxe5 Rxe5 13. Bf3 h6 14. Nxf6+ Nxf6
15. Bxf6 Qxf6 16. a4 b4 17. Qd4 a5 18. c4 bxc3 19. bxc3 Qd6 20. c4 Rf5 21. Rab1
Ba6 22. Rfe1 Rf4 23. Re4 Rxe4 24. Bxe4 Re8 25. Bf3 Qb4 26. Qd1 Qxc4 27. h3 Qf4
28. g3 Qf5 29. Kg2 Qe5 30. Rc1 Qd6 31. Rc6 Qb4 32. Rxa6 Re1 33. Qd3 g6 34. d6
cxd6 35. Rxd6 Ra1 36. Rd8+ Kh7 37. Qd4 1-0

[Event "Druzynowe Mistrzostwa Polski Juniorow - II Liga"]
[Site "Iwonicz"]
[Date "2016-07-31"]
[Round "7.33"]
[White "Niedbala, Bartlomiej"]
[Black "Norek, Maciej"]
[Result "1-0"]
[WhiteTitle "I"]
[BlackTitle "II"]
[WhiteElo "1626"]
[BlackElo "1200"]

1. d4 d5 2. Nf3 Nf6 3. Bf4 e6 4. e3 c5 5. c3 Nc6 6. Bd3 Bd7 7. Nbd2 Be7 8. Ne5
O-O 9. Ndf3 c4 10. Bc2 b5 11. Nxc6 Bxc6 12. Ne5 Bb7 13. O-O a5 14. Bg5 h6 15.
Bxf6 Bxf6 16. f4 Bxe5 17. fxe5 Rc8 18. Qh5 Qg5 19. Qh3 f5 20. exf6 Rxf6 21. Rxf6
Qxf6 22. Rf1 Qe7 23. Qf3 b4 24. h4 Bc6 25. h5 Rf8 26. Qxf8+ Qxf8 27. Bh7+ Kxh7
28. Rxf8 bxc3 29. bxc3 a4 30. a3 Bb7 31. Kf2 Bc6 32. Kg3 Bb7 33. Kf4 Bc6 34. Ke5
Bb7 35. Kxe6 Bc6 36. Rc8 Bb7 37. Rd8 Bc6 38. Rxd5 Bxd5+ 39. Kxd5 g6 40. g4 gxh5
41. gxh5 Kg7 42. Ke6 Kf8 43. e4 Ke8 44. d5 Kf8 45. d6 Ke8 46. d7+ Kd8 47. e5 Kc7
48. Ke7 Kc6 49. d8=Q Kb5 50. Qd6 Ka5 51. Kd7 Kb5 52. Kc7 Ka5 53. Kb7 Kb5 54. Qb4#
Kb6+ 1-0

[Event "Druzynowe Mistrzostwa Polski Juniorow - II Liga"]
[Site "Iwonicz"]
[Date "2016-07-31"]
[Round "7.34"]
[White "Wielgus, Wojciech"]
[Black "Lichorad, Mateusz"]
[Result "0-1"]
[WhiteTitle "II"]
[BlackTitle "II"]
[WhiteElo "1118"]
[BlackElo "1594"]

1. e4 e6 2. d4 d5 3. Nd2 Nf6 4. e5 Nfd7 5. Bd3 c5 6. c3 Nc6 7. Ne2 cxd4 8. cxd4
f6 9. exf6 Nxf6 10. Nf3 Bd6 11. O-O O-O 12. Bf4 Bxf4 13. Nxf4 Qd6 14. Ne2 Bd7
15. Rc1 Be8 16. Ng3 Bd7 17. Re1 Qf4 18. a3 Rae8 19. b4 e5 20. dxe5 Nxe5 21. Nxe5
Rxe5 22. Rxe5 Qxe5 23. Qe2 Qf4 24. Re1 Ng4 25. Rf1 Ne5 26. Bc2 Re8 27. Qh5 g6
28. Qd1 Qf7 29. Bb3 Be6 30. Qd4 Nc6 31. Qb2 a6 32. Re1 Qd7 33. Qa2 Kf7 34. Rd1
Rd8 35. Ne4 Ne7 36. Nc5 Qc6 37. Re1 Rd6 38. Qe2 b6 39. Nd3 Qc3 40. Qf3+ Qf6 41.
Ne5+ Kg7 42. Qxf6+ Kxf6 43. Nd3 d4 44. Bxe6 Rxe6 45. Kf1 Rxe1+ 46. Kxe1 Ke6 47.
Kd2 Kd5 48. Nb2 Nc6 49. Kd3 Ne5+ 50. Kd2 b5 51. h3 Ke4 52. Ke2 d3+ 53. Kd2 Kd4
54. f3 Nc4+ 55. Nxc4 bxc4 56. a4 c3+ 57. Kc1 Ke3 58. Kb1 d2 59. Kc2 Ke2 60. Kxc3
d1=Q 61. Kc4 Qxa4 62. Kd5 Qxb4 63. Ke5 Qe7+ 64. Kd5 a5 65. g4 a4 66. f4 a3 67.
h4 a2 68. f5 a1=Q 69. fxg6 Qae5+ 70. Kc4 Q7c5+ 71. Kb3 Qec3+ 72. Ka2 Q5a3+ 73.
Kb1 Qaa1# 0-1

[Event "Druzynowe Mistrzostwa Polski Juniorow - II Liga"]
[Site "Iwonicz"]
[Date "2016-07-31"]
[Round "7.35"]
[White "Kotula, Magdalena"]
[Black "Hryn, Zofia"]
[Result "1-0"]
[WhiteTitle "I+"]
[BlackTitle "I"]
[WhiteElo "1567"]
[BlackElo "1531"]

1. Nf3 d5 2. g3 Nf6 3. Bg2 Nc6 4. d3 e5 5. O-O Be7 6. Nbd2 O-O 7. Re1 Bf5 8. Nf1
h6 9. Ne3 Be6 10. c3 d4 11. cxd4 exd4 12. Nc4 Rb8 13. Bd2 b5 14. Nce5 Bd5 15.
Nxc6 Bxc6 16. Qc2 Bb7 17. Ba5 Nd5 18. Rac1 Bb4 19. Bxb4 Nxb4 20. Qxc7 Nxa2 21.
Qxd8 Rfxd8 22. Ra1 Bd5 23. Ne5 Bxg2 24. Kxg2 Re8 25. Nxf7 Kxf7 26. Rxa2 Re7 27.
Kf3 Rd8 28. Rea1 Rdd7 29. Ra5 Rb7 30. Ra6 Rbd7 31. R1a5 Rb7 32. Rd6 Rb6 33. Rxb6
axb6 34. Rxb5 Re6 35. Rd5 Rf6+ 36. Kg2 Re6 37. Kf1 1-0

[Event "Druzynowe Mistrzostwa Polski Juniorow - II Liga"]
[Site "Iwonicz"]
[Date "2016-07-31"]
[Round "7.36"]
[White "Hryn, Aleksandra"]
[Black "Hertlein, Irena"]
[Result "1/2-1/2"]
[WhiteTitle "I"]
[BlackTitle "I"]
[WhiteElo "1471"]
[BlackElo "1488"]

1. e4 d5 2. exd5 Qxd5 3. Nc3 Qd6 4. d4 Nf6 5. Nf3 c6 6. Be2 Bf5 7. O-O Nbd7 8.
h3 e6 9. Be3 Qc7 10. Bd3 Bxd3 11. Qxd3 Bd6 12. Ne4 Nxe4 13. Qxe4 Nf6 14. Qd3 O-O
15. c4 Rfd8 16. Qc2 c5 17. Rac1 Rac8 18. Qe2 Bf4 19. Rfd1 Bxe3 20. Qxe3 cxd4 21.
Rxd4 Rxd4 22. Qxd4 b6 23. Rd1 h6 24. b3 Kf8 25. Ne5 Ke8 26. Kf1 Qc5 27. f4 Ke7
28. g4 Qxd4 29. Rxd4 Rc5 30. Kf2 Rc7 31. Kf3 g5 32. Ke3 Rc5 33. b4 Rc7 34. a3
b5 35. cxb5 Nd5+ 36. Kf3 Nxf4 37. Nc6+ Kf6 38. h4 Nd5 39. hxg5+ hxg5 40. Rc4 Nf4
41. Ke4 Rd7 42. Rd4 Nd5 43. Rd3 Rb7 44. a4 Rd7 45. Ne5 Rb7 46. Rf3+ Kg7 47. Rb3
Nb6 48. Ra3 Nd5 49. Rb3 Nb6 50. Ra3 Nd5 51. Rb3 1/2-1/2

[Event "Druzynowe Mistrzostwa Polski Juniorow - II Liga"]
[Site "Iwonicz"]
[Date "2016-07-31"]
[Round "7.37"]
[White "Czerniawski, Krzysztof"]
[Black "Mrozowski, Patryk"]
[Result "1/2-1/2"]
[WhiteTitle "I"]
[BlackTitle "I++"]
[WhiteElo "1904"]
[BlackElo "1901"]

1. d4 Nf6 2. Nf3 c5 3. g3 cxd4 4. Nxd4 g6 5. Bg2 Bg7 6. O-O O-O 7. e4 Nc6 8. Nc3
Nxe4 9. Nxc6 Nxc3 10. Nxd8 Nxd1 11. Nxb7 Bxb7 12. Rxd1 Bxg2 13. Kxg2 Rfc8 14.
Rxd7 Rxc2 15. Rxe7 Bd4 16. Be3 Bxe3 17. Rxe3 Rxb2 18. a4 a5 19. Re5 Rb4 20. Rb5
Rxb5 21. axb5 a4 22. b6 Rb8 23. Rxa4 Rxb6 24. h4 h5 25. Ra5 Rb2 26. Ra8+ Kg7 27.
Ra7 Kf6 28. Kf3 Ke6 29. Ra6+ Ke7 30. Ra7+ Ke6 31. Ra6+ 1/2-1/2

[Event "Druzynowe Mistrzostwa Polski Juniorow - II Liga"]
[Site "Iwonicz"]
[Date "2016-07-31"]
[Round "7.38"]
[White "Drabek, Jan"]
[Black "Fudalej, Slawomir"]
[Result "0-1"]
[WhiteTitle "I"]
[BlackTitle "I"]
[WhiteElo "1727"]
[BlackElo "1597"]

1. e4 e5 2. Nf3 Nc6 3. Bb5 a6 4. Bxc6 dxc6 5. O-O Bg4 6. h3 h5 7. d3 Bxf3 8. Qxf3
Qd7 9. Be3 O-O-O 10. Nc3 f6 11. Qf5 Qxf5 12. exf5 h4 13. f4 Rh5 14. fxe5 fxe5
15. Ne4 Be7 16. Bc5 Kd7 17. Bxe7 Kxe7 18. Rae1 Rf8 19. Nc5 b6 20. Nxa6 Kd6 21.
a3 c5 22. b4 Rhxf5 23. Rxf5 Rxf5 24. b5 Nf6 25. Nb8 Nd5 26. c4 Nf4 27. Re3 Rg5
28. g4 hxg3 29. h4 Rg4 30. Nc6 Rxh4 31. Nxe5 g2 32. Kf2 Rh1 33. Nf3 Rf1+ 34. Kg3
Rxf3+ 35. Kxf3 g1=Q 36. Kxf4 Qc1 37. a4 g5+ 38. Ke4 Qf1 39. Rg3 Qf4# 0-1

[Event "Druzynowe Mistrzostwa Polski Juniorow - II Liga"]
[Site "Iwonicz"]
[Date "2016-07-31"]
[Round "7.39"]
[White "Maciak, Jakub"]
[Black "Jaszczuk, Mateusz"]
[Result "1-0"]
[WhiteTitle "II"]
[BlackTitle "II"]
[WhiteElo "1582"]
[BlackElo "1337"]

1. e4 c5 2. Nf3 Nc6 3. Bb5 g6 4. O-O Bg7 5. Bxc6 bxc6 6. d3 d6 7. h3 Nf6 8. c3
c4 9. Qa4 cxd3 10. Qxc6+ Bd7 11. Qc4 O-O 12. Qxd3 Rb8 13. c4 Bc6 14. Nc3 Nd7 15.
Nd4 Bb7 16. Be3 a5 17. Rad1 Rc8 18. b3 Nc5 19. Qc2 Re8 20. f3 Qd7 21. Nde2 Rf8
22. Bf4 Qc6 23. Nd5 Rce8 24. Qd2 e5 25. Bg5 f6 26. Bh4 g5 27. Bf2 Re6 28. Ng3
Rf7 29. Nf5 Bf8 30. Qxa5 1-0

[Event "Druzynowe Mistrzostwa Polski Juniorow - II Liga"]
[Site "Iwonicz"]
[Date "2016-07-31"]
[Round "7.41"]
[White "Wilant, Marta"]
[Black "Winter, Anna"]
[Result "1/2-1/2"]
[WhiteTitle "II"]
[BlackTitle "I"]
[WhiteElo "1306"]
[BlackElo "1374"]

1. d4 d5 2. Nf3 Nf6 3. g3 e6 4. Bf4 a6 5. Bg2 c5 6. dxc5 Bxc5 7. O-O O-O 8. Nbd2
b5 9. Nb3 Bb6 10. c3 Bb7 11. Rc1 Nbd7 12. Bd6 Re8 13. Ne5 Nxe5 14. Bxe5 Rc8 15.
Bd4 Bxd4 16. cxd4 Rc4 17. Nc5 Rxc1 18. Qxc1 Qb6 19. b4 h6 20. e3 Rc8 21. Qb2 Bc6
22. a3 Nd7 23. Rd1 Qa7 24. Nxd7 Bxd7 25. Rc1 Qb7 26. Rc5 f6 27. Qc3 Kf7 28. Rxc8
Qxc8 29. Qxc8 Bxc8 30. f4 f5 31. Bf3 Kf6 32. h3 g6 33. g4 Bd7 34. Kf2 1/2-1/2

[Event "Druzynowe Mistrzostwa Polski Juniorow - II Liga"]
[Site "Iwonicz"]
[Date "2016-07-31"]
[Round "7.42"]
[White "Uliasz, Katarzyna"]
[Black "Raczykowska, Paulina"]
[Result "0-1"]
[WhiteTitle "II+"]
[BlackTitle "I+"]
[WhiteElo "1097"]
[BlackElo "1679"]

1. e4 e5 2. Nf3 Nc6 3. d4 exd4 4. Bc4 Bc5 5. c3 Nf6 6. e5 d5 7. Bb5 Ne4 8. cxd4
Bb6 9. Nbd2 O-O 10. Bxc6 bxc6 11. Qc2 Nxd2 12. Bxd2 Bg4 13. Ng5 g6 14. h3 Bf5
15. Qc3 f6 16. Nf3 Be4 17. Bh6 Re8 18. Rd1 Bxf3 19. Qxf3 fxe5 20. dxe5 Rxe5+ 21.
Kf1 Rf5 22. Qg3 Rxf2+ 23. Qxf2 Bxf2 24. Kxf2 Qh4+ 25. g3 Qxh6 26. Rc1 Qd2+ 27.
Kf3 Rf8+ 28. Kg4 Qd4+ 29. Kg5 0-1

[Event "Druzynowe Mistrzostwa Polski Juniorow - II Liga"]
[Site "Iwonicz"]
[Date "2016-07-31"]
[Round "7.43"]
[White "Klepek, Witold"]
[Black "Krawiec, Grzegorz"]
[Result "1/2-1/2"]
[WhiteTitle "k"]
[BlackTitle "I"]
[WhiteElo "2139"]
[BlackElo "1791"]

1. e4 c5 2. Nf3 Nc6 3. d4 cxd4 4. Nxd4 e5 5. Nb5 a6 6. Nd6+ Bxd6 7. Qxd6 Qf6 8.
Qd2 Nge7 9. Nc3 d6 10. Bc4 Be6 11. Bd5 Bxd5 12. Nxd5 Nxd5 13. exd5 Nd4 14. c3
Nf5 15. O-O O-O 16. b3 Qg6 17. Kh1 Rac8 18. Bb2 f6 19. c4 Qf7 20. a4 b5 21. Qd3
g6 22. cxb5 axb5 23. Qxb5 Rc5 24. Qb6 Qxd5 25. Rad1 Qa8 26. Ba3 Rc6 27. Qb5 Nd4
28. Qd5+ Kg7 29. Bb2 Rb6 30. Qxa8 Rxa8 31. Bxd4 exd4 32. Rxd4 Rxb3 33. Ra1 Ra5
34. h4 d5 35. Rad1 1/2-1/2

[Event "Druzynowe Mistrzostwa Polski Juniorow - II Liga"]
[Site "Iwonicz"]
[Date "2016-07-31"]
[Round "7.44"]
[White "Karykowska, Anna"]
[Black "Piela, Dominik"]
[Result "0-1"]
[WhiteTitle "I++"]
[BlackTitle "I"]
[WhiteElo "1818"]
[BlackElo "1656"]

1. e4 e5 2. Nf3 Nc6 3. Bc4 Nf6 4. d4 exd4 5. Ng5 Ne5 6. Bb3 h6 7. f4 hxg5 8. fxe5
Nxe4 9. Bd5 Nc5 10. O-O Ne6 11. Qf3 Qe7 12. Nd2 g4 13. Qf2 Qh4 14. g3 Qh5 15.
Ne4 Be7 16. Bd2 O-O 17. Bxe6 dxe6 18. Qxd4 b6 19. b4 Bb7 20. Bc3 Qg6 21. Rae1
Rad8 22. Qc4 Rd7 23. Rf4 Rfd8 24. Rxg4 Ba6 25. Rxg6 Bxc4 26. Rg4 Bxa2 27. Nf6+
Bxf6 28. exf6 g6 29. Kf2 Rd5 30. Ra1 Rf5+ 31. Ke3 Bd5 32. Rf4 g5 33. Rxf5 exf5
34. Rxa7 c6 35. Bd4 b5 36. c3 Kh7 37. Re7 Kg6 38. Ra7 Rh8 39. Ra1 Rxh2 40. Rg1
Kh5 41. Be5 Kg4 42. Kd4 Kf3 43. Rf1+ Kg4 44. Ke3 Rg2 45. Rf2 Rg1 46. Ke2 Be4 47.
Ke3 Rxg3+ 48. Bxg3 Kxg3 49. Rd2 Bd5 50. Ke2 Bc4+ 51. Ke3 f4+ 52. Ke4 f3 53. Ke3
g4 54. Rb2 Be2 55. Rd2 Kg2 56. Rb2 g3 57. Rd2 Kg1 58. Rd7 f2 0-1

[Event "Druzynowe Mistrzostwa Polski Juniorow - II Liga"]
[Site "Iwonicz"]
[Date "2016-07-31"]
[Round "7.45"]
[White "Kozubek, Krystian"]
[Black "Fiedorek, Michal"]
[Result "0-1"]
[WhiteTitle "II"]
[BlackTitle "I"]
[WhiteElo "1136"]
[BlackElo "1756"]

1. e4 c5 2. c3 d5 3. exd5 Qxd5 4. d4 Bf5 5. Nf3 Nc6 6. Be3 cxd4 7. Bxd4 Nxd4 8.
Qxd4 Nf6 9. Bc4 Qe4+ 10. Qxe4 Nxe4 11. Nbd2 Nd6 12. O-O Nxc4 13. Nxc4 Bd3 14.
Nfe5 Bxf1 15. Rxf1 f6 16. Nd3 e5 17. Re1 O-O-O 18. Nc1 b5 19. Ne3 Rd2 20. b3 Bc5
21. Kf1 Rhd8 22. Re2 Bxe3 23. Rxe3 Rd1+ 24. Re1 R8d2 25. Ne2 Rxe1+ 26. Kxe1 Rxa2
27. f3 a5 28. g4 a4 29. bxa4 bxa4 30. c4 Rxe2+ 31. Kxe2 a3 32. Ke3 a2 33. f4 a1=Q
34. fxe5 fxe5 35. c5 Qd4+ 36. Ke2 e4 0-1

[Event "Druzynowe Mistrzostwa Polski Juniorow - II Liga"]
[Site "Iwonicz"]
[Date "2016-07-31"]
[Round "7.46"]
[White "Lewandowski, Wiktor"]
[Black "Gradalski, Olaf"]
[Result "1/2-1/2"]
[WhiteTitle "II"]
[BlackTitle "II"]
[WhiteElo "1406"]
[BlackElo "1144"]

1. e4 d5 2. exd5 Qxd5 3. Nc3 Qd6 4. g3 Nf6 5. Bg2 a6 6. Nf3 Bg4 7. d4 Nc6 8. Be3
O-O-O 9. O-O e5 10. dxe5 Nxe5 11. Qxd6 Bxd6 12. Nxe5 Bxe5 13. Ne4 Nxe4 14. Bxe4
Bd4 15. Bxd4 Rxd4 16. Bd3 Rhd8 17. Rfe1 h6 18. Kg2 Kd7 19. Re3 Re8 20. Rae1 Rxe3
21. Rxe3 Rd6 22. h3 Be6 23. b3 Rd4 24. f4 Rd6 25. c4 f5 26. h4 h5 27. Kf2 g6 28.
Ke2 c5 29. Re5 Kc6 30. Kd2 b6 1/2-1/2

[Event "Druzynowe Mistrzostwa Polski Juniorow - II Liga"]
[Site "Iwonicz"]
[Date "2016-07-31"]
[Round "7.47"]
[White "Gredka, Dominika"]
[Black "Maciak, Gabriela"]
[Result "1-0"]
[WhiteTitle "I++"]
[BlackTitle "I"]
[WhiteElo "1687"]
[BlackElo "1492"]

1. e4 e5 2. Nf3 Nc6 3. Bb5 a6 4. Ba4 Nf6 5. O-O Be7 6. Re1 b5 7. Bb3 d6 8. c3 O-O
9. h3 h6 10. d4 Bb7 11. Nbd2 Re8 12. Nf1 Bf8 13. Ng3 Na5 14. Bc2 Nc4 15. b3 Nb6
16. Bd2 c6 17. Qc1 exd4 18. cxd4 c5 19. d5 Nbd7 20. Nf5 Rc8 21. N3h4 Nh7 22. Re3
Ndf6 23. Rg3 Kh8 24. Bc3 c4 25. Nxg7 Bxg7 26. Rxg7 Kxg7 27. Nf5+ Kh8 28. Qxh6
Rg8 29. Qf4 cxb3 30. Nxd6 Rc7 31. Bxb3 Rd7 32. Nxb7 Rxb7 33. d6 b4 34. Bb2 Rg6
35. e5 Nh5 36. e6+ f6 37. e7 Rxe7 38. dxe7 Qxe7 39. Qb8+ Nf8 40. Kf1 Qg7 41. g4
a5 42. gxh5 Rg1+ 43. Ke2 Qe7+ 44. Kf3 Rg5 45. Bc2 Rxh5 46. Re1 Qg7 47. Qc8 Qh6
48. Bf5 Rh4 49. Bg4 Qg7 50. Re8 Rxg4 51. hxg4 1-0

[Event "Druzynowe Mistrzostwa Polski Juniorow - II Liga"]
[Site "Iwonicz"]
[Date "2016-07-31"]
[Round "7.48"]
[White "Lascar, Maria Elena"]
[Black "Orlik, Sandra"]
[Result "0-1"]
[WhiteTitle "I+"]
[BlackTitle "I"]
[WhiteElo "1475"]
[BlackElo "1519"]

1. e4 c5 2. Nf3 e6 3. d4 cxd4 4. Nxd4 a6 5. f4 d6 6. Nc3 Nc6 7. Nxc6 bxc6 8. Be3
d5 9. exd5 cxd5 10. Qd4 Ne7 11. O-O-O Nf5 12. Qb6 Qxb6 13. Bxb6 Rb8 14. Bf2 Bd6
15. g3 Bb7 16. Rg1 h5 17. Bd3 Ne7 18. Be3 Nc6 19. Be2 g6 20. Na4 O-O 21. g4 hxg4
22. Rxg4 Kg7 23. Bf3 Rh8 24. Rg2 Rh3 25. Rf1 Rbh8 26. Rff2 d4 27. Bxd4+ Nxd4 28.
Bxb7 a5 29. c3 Nf5 30. Rf3 Rxf3 31. Bxf3 Bxf4+ 32. Kb1 Nh4 33. Rg4 Bxh2 34. Be2
f5 35. Rd4 Bg1 36. Rd1 Be3 37. b3 f4 38. Rf1 Rf8 39. Kc2 Rd8 40. Rd1 Rf8 41. Rf1
f3 42. Bd3 g5 43. Nb2 Bb6 44. Nc4 Bc7 45. Ne3 Rf4 46. Kd2 Kf6 47. Rg1 Nf5 48.
Ng4+ Kg6 49. Nh2 Kh5 50. Rf1 g4 51. Rh1 Kg5 52. Rf1 Ng3 53. Re1 e5 54. Rg1 Kh4
55. Nf1 Nxf1+ 56. Bxf1 g3 57. Rh1+ Kg4 58. Bh3+ Kg5 59. Rg1 Kh4 60. Rh1 Bb6 61.
Bd7+ Kg5 62. Bh3 g2 63. Bxg2 fxg2 64. Rh8 Rg4 65. Rg8+ Kf4 66. Rxg4+ Kxg4 0-1

[Event "Druzynowe Mistrzostwa Polski Juniorow - II Liga"]
[Site "Iwonicz"]
[Date "2016-07-31"]
[Round "7.49"]
[White "Gworys, Grzegorz"]
[Black "Pyka, Slawomir"]
[Result "0-1"]
[WhiteTitle "II"]
[BlackTitle "I"]
[WhiteElo "1409"]
[BlackElo "1620"]

1. e4 c6 2. c4 d5 3. exd5 cxd5 4. cxd5 Qxd5 5. Nc3 Qd8 6. d4 Nf6 7. Bc4 e6 8. Nf3
Be7 9. O-O Nc6 10. Be3 O-O 11. Qe2 Nb4 12. Rfd1 Nbd5 13. Bd3 b6 14. Rac1 Bb7 15.
Bb1 Rc8 16. Nxd5 Qxd5 17. Qd3 Bd6 18. Bg5 Ne4 19. Rxc8 Rxc8 20. Be3 g6 21. Qxe4
Qxe4 22. Bxe4 Bxe4 23. Rc1 Rxc1+ 24. Bxc1 Bxf3 25. gxf3 Kf8 26. h3 Ke7 27. Kf1
Kd7 28. Ke2 Kc6 29. Kd3 Kd5 30. f4 b5 31. b3 a6 32. f3 f5 33. Bd2 Be7 34. Be1
Kc6 35. Ke2 Bf6 36. Bf2 Kd7 37. Kd1 Ke7 38. Ke1 Kf7 39. Kf1 Kg7 40. Kg2 Kh6 41.
Kh2 Kh5 42. Kg2 Bh4 43. Bxh4 Kxh4 44. Kh2 h6 45. Kg2 g5 46. fxg5 hxg5 47. Kh2
g4 48. hxg4 fxg4 49. f4 g3+ 0-1

[Event "Druzynowe Mistrzostwa Polski Juniorow - II Liga"]
[Site "Iwonicz"]
[Date "2016-07-31"]
[Round "7.51"]
[White "Strugacz, Michal"]
[Black "Gozdzicki, Maciej"]
[Result "0-1"]
[WhiteTitle "III"]
[BlackTitle "II"]
[WhiteElo "1259"]
[BlackElo "1514"]

1. e4 c5 2. Nf3 e6 3. d4 cxd4 4. Nxd4 a6 5. Nc3 Qc7 6. Bd3 Nf6 7. O-O b5 8. Re1
Bb7 9. Bg5 Be7 10. e5 Nd5 11. Nxd5 Bxd5 12. Bxe7 Kxe7 13. Qg4 Kf8 14. Qf4 Nc6
15. Nxc6 Qxc6 16. Be4 Bxe4 17. Qxe4 Qxe4 18. Rxe4 Ke7 19. Rd4 Ra7 20. Rad1 Rc8
21. c3 Rc6 22. f4 Rac7 23. Kf2 Rc4 24. Ke3 Rxd4 25. Rxd4 Rc6 26. g4 f6 27. h4
a5 28. Kd3 fxe5 29. fxe5 Rc8 30. c4 Rc5 31. cxb5 Rxb5 32. Kc3 Rxe5 33. b4 Re3+
34. Kc2 Ra3 35. Kb2 Ra4 36. a3 axb4 37. axb4 d5 38. Kb3 Ra1 39. Kb2 Rh1 40. b5
Rxh4 41. b6 Kd7 42. b7 Kc7 43. Rb4 Kb8 44. Ka3 h5 0-1

[Event "Druzynowe Mistrzostwa Polski Juniorow - II Liga"]
[Site "Iwonicz"]
[Date "2016-07-31"]
[Round "7.52"]
[White "Majdanski, Maksymilian"]
[Black "Binek, Dawid"]
[Result "1-0"]
[WhiteTitle "II"]
[BlackTitle "II"]
[WhiteElo "1515"]
[BlackElo "1288"]

1. c4 c5 2. g3 Nf6 3. Bg2 e6 4. Nc3 g6 5. d3 Bg7 6. Nf3 O-O 7. O-O Nc6 8. Bf4 a6
9. Bd6 Re8 10. Bxc5 d5 11. Na4 b5 12. Nb6 Rb8 13. cxb5 axb5 14. Nxc8 Rxc8 15.
d4 Ne4 16. b4 h5 17. e3 Nc3 18. Qd3 Ne4 19. Qxb5 Qd7 20. Qd3 Qb7 21. Rab1 Ra8
22. a3 e5 23. dxe5 Bxe5 24. Rfc1 Red8 25. b5 Nxc5 26. Rxc5 Qe7 27. Rxc6 Rxa3 28.
Qc2 Rda8 29. Rc8+ 1-0

[Event "Druzynowe Mistrzostwa Polski Juniorow - II Liga"]
[Site "Iwonicz"]
[Date "2016-07-31"]
[Round "7.53"]
[White "Knapik, Julia"]
[Black "Krzywnicka, Maria"]
[Result "0-1"]
[WhiteTitle "I+"]
[BlackTitle "I+"]
[WhiteElo "1627"]
[BlackElo "1685"]

1. e4 c5 2. Nc3 Nc6 3. g3 g6 4. Bg2 Bg7 5. d3 e6 6. Be3 d6 7. Qd2 Rb8 8. Nge2 b5
9. Nd1 Nd4 10. c3 Nxe2 11. Qxe2 b4 12. O-O Ne7 13. cxb4 Rxb4 14. Rb1 O-O 15. Qd2
Ba6 16. Nc3 Nc6 17. f4 Nd4 18. Rf2 Qb8 19. Bf1 Rc8 20. Qd1 Rd8 21. Bg2 Rd7 22.
Qd2 Bb7 23. b3 Bc6 24. Bh3 a5 25. f5 exf5 26. exf5 Rdb7 27. Rbf1 a4 28. f6 Bf8
29. Nxa4 Bxa4 30. bxa4 Rb2 31. Qd1 Rxf2 32. Bxf2 Rb2 33. Bxd4 cxd4 34. Qa1 Bh6
35. Bg4 Be3+ 36. Kh1 Qb4 37. Qd1 Qa3 38. Re1 h5 39. Bxh5 Qxa2 40. Re2 Qd5+ 0-1

[Event "Druzynowe Mistrzostwa Polski Juniorow - II Liga"]
[Site "Iwonicz"]
[Date "2016-07-31"]
[Round "7.54"]
[White "Partyka, Justyna"]
[Black "Bienek, Magdalena"]
[Result "1-0"]
[WhiteTitle "II"]
[BlackTitle "II"]
[WhiteElo "1150"]
[BlackElo "1071"]

1. Nf3 c5 2. d4 e6 3. c4 cxd4 4. Nxd4 Nf6 5. Bg5 Bc5 6. Nf3 Nc6 7. Nc3 b6 8. e4
h6 9. Bh4 Be7 10. Be2 Bb7 11. e5 Nh5 12. Bg3 Qc7 13. Nb5 Qb8 14. Nd6+ Bxd6 15.
Qxd6 Qxd6 16. exd6 Nxg3 17. fxg3 Rc8 18. O-O O-O 19. Rac1 Nb4 20. a3 Nc6 21. b4
Nd8 22. Ne5 Bc6 23. b5 Be4 24. Nxd7 Re8 25. Ne5 Rc5 26. Nd3 Bxd3 27. Bxd3 Nb7
28. Rfd1 Nxd6 29. Bh7+ Kxh7 30. Rxd6 Re7 31. Rd3 e5 32. Kf2 e4 33. Re3 f5 34.
Ke2 g5 35. Kd2 f4 36. gxf4 gxf4 37. Re2 Rd7+ 38. Kc3 Re7 39. Rce1 e3 40. Rf1 Re4
41. g3 Rexc4+ 42. Kb3 Rc3+ 43. Kb2 fxg3 44. hxg3 Rd3 45. a4 Rc4 46. Rf7+ Kg6 47.
Rxa7 Rb4+ 48. Kc2 Ra3 49. Rc7 Ra2+ 50. Kd3 Ra3+ 51. Kc2 Ra2+ 52. Kd3 Rb3+ 53.
Kc4 Rbb2 54. Rxb2 Rxb2 55. Re7 Rd2 56. Rxe3 Rc2+ 57. Kb3 Rg2 58. Re6+ Kg5 59.
Rxb6 Rxg3+ 60. Kc2 Rg2+ 61. Kd3 Rg3+ 62. Ke2 Ra3 63. Ra6 Ra2+ 64. Ke3 Ra3+ 65.
Ke4 h5 66. Ra8 h4 67. b6 h3 68. b7 h2 69. Rh8 Rxa4+ 70. Kd5 Ra5+ 71. Kc6 Ra6+
72. Kc7 Ra7 73. Rxh2 Kf5 74. Kc8 Rxb7 75. Kxb7 Ke4 76. Rh5 Kf4 77. Kc6 Kg4 78.
Ra5 Kf4 79. Kd6 Ke4 80. Rb5 Kf4 81. Ke6 Kg4 82. Rf5 Kh4 83. Rf6 Kg5 84. Ke5 Kg4
85. Rf5 Kg3 86. Ke4 Kg4 87. Rf8 Kg3 88. Rf7 Kg2 89. Ke3 Kg1 90. Ke2 Kg2 91. Rg7+
Kh3 92. Kf2 Kh4 93. Kf3 Kh5 94. Kf4 Kh6 95. Rg3 Kh5 96. Rg2 Kh6 97. Kf5 Kh7 98.
Kf6 Kh8 99. Kf7 Kh7 100. Rh2# 1-0

[Event "Druzynowe Mistrzostwa Polski Juniorow - II Liga"]
[Site "Iwonicz"]
[Date "2016-07-31"]
[Round "7.55"]
[White "Hladun, Bartlomiej"]
[Black "Koseski, Damian"]
[Result "0-1"]
[WhiteTitle "II"]
[BlackTitle "I"]
[WhiteElo "1469"]
[BlackElo "1762"]

1. e4 e6 2. d4 d5 3. Nc3 Bb4 4. Nge2 Nf6 5. Bg5 dxe4 6. a3 Be7 7. Bxf6 Bxf6 8.
Nxe4 Nc6 9. c3 O-O 10. N2g3 Be7 11. Bd3 Qd5 12. O-O f5 13. Nd2 Bd7 14. Bc4 Qd6
15. b4 Kh8 16. f4 Bf6 17. Qe2 Nxd4 18. Qd3 Nc6 19. Qc2 Ne7 20. Rad1 b5 21. Bb3
Qb6+ 22. Kh1 Bc6 23. c4 Qb7 24. Nf3 bxc4 25. Bxc4 Nd5 26. Qc1 a5 27. b5 Bxb5 28.
Bxb5 Qxb5 29. Nd4 Bxd4 30. Rxd4 Rab8 31. h3 c5 32. Rc4 Rfc8 33. Rd1 Ne3 34. Qxe3
Qxc4 35. Rd6 Rb3 36. Qd2 h6 37. Nh5 Qc3 38. Qd1 Rxa3 39. Qe2 Ra1+ 40. Kh2 Re1
41. Qa6 Rg8 42. Qb7 Qa1 43. Ng3 a4 44. Qb6 a3 45. Nxf5 Rh1+ 46. Kg3 Qc3+ 47. Kg4
exf5+ 48. Kh5 g6+ 49. Rxg6 Rxh3+ 0-1

[Event "Druzynowe Mistrzostwa Polski Juniorow - II Liga"]
[Site "Iwonicz"]
[Date "2016-07-31"]
[Round "7.56"]
[White "Laszczak, Przemyslaw"]
[Black "Pawletko, Szymon"]
[Result "0-1"]
[WhiteTitle "I+"]
[BlackTitle "II+"]
[WhiteElo "1819"]
[BlackElo "1543"]

1. d4 d5 2. Nf3 Nf6 3. Bg5 c6 4. e3 Bf5 5. c4 e6 6. Nc3 Nbd7 7. cxd5 exd5 8. Bd3
Bxd3 9. Qxd3 Be7 10. O-O O-O 11. Rab1 Ne4 12. Bf4 Ndf6 13. b4 a6 14. a4 Bd6 15.
Bxd6 Qxd6 16. Rfc1 Rfc8 17. b5 cxb5 18. axb5 Qa3 19. Ra1 Rxc3 20. Qxc3 Qxc3 21.
Rxc3 Nxc3 22. b6 Rc8 23. Kf1 Nfe4 24. Rc1 f6 25. Ng1 Nd6 26. Ke1 Nce4 27. Rc7
Rxc7 28. bxc7 Nc3 29. Nf3 Kf7 30. Nh4 g6 31. g4 Ncb5 32. g5 f5 33. Nf3 Nxc7 34.
Ne5+ Ke6 35. h4 Nc4 36. Nd3 Kd6 37. Kd1 b5 38. Nf4 Ne6 39. Nd3 a5 0-1